Psychology and life / (Record no. 4416)

MARC details
000 -LEADER
fixed length control field 00755cam a2200265 a 4500
001 - CONTROL NUMBER
control field 4786632
003 - CONTROL NUMBER IDENTIFIER
control field mut
005 - DATE AND TIME OF LATEST TRANSACTION
control field 20240606080935.0
008 - FIXED-LENGTH DATA ELEMENTS--GENERAL INFORMATION
fixed length control field 870721s1988 ilua b 001 0 eng
010 ## - LIBRARY OF CONGRESS CONTROL NUMBER
LC control number 87020612
020 ## - INTERNATIONAL STANDARD BOOK NUMBER
International Standard Book Number 0673189384 :
Terms of availability $29.95 (est.)
040 ## - CATALOGING SOURCE
Original cataloging agency DLC
Transcribing agency DLC
Modifying agency DLC
050 00 - LIBRARY OF CONGRESS CALL NUMBER
Classification number BF121
Item number .Z54 1988
082 00 - DEWEY DECIMAL CLASSIFICATION NUMBER
Classification number 150
Edition information 19
100 1# - MAIN ENTRY--PERSONAL NAME
Personal name Zimbardo, Philip G.
245 10 - TITLE STATEMENT
Title Psychology and life /
250 ## - EDITION STATEMENT
Edition statement 12th ed.
260 ## - PUBLICATION, DISTRIBUTION, ETC.
Place of publication, distribution, etc. Glenview, Ill. :
Name of publisher, distributor, etc. Scott, Foresman,
Date of publication, distribution, etc. c1988.
300 ## - PHYSICAL DESCRIPTION
Extent 675, lxxxiv p. :
Other physical details ill. (some col.) ;
Dimensions 29 cm.
500 ## - GENERAL NOTE
General note Includes indexes.
504 ## - BIBLIOGRAPHY, ETC. NOTE
Bibliography, etc. note Bibliography: p. xx-lvi.
650 #0 - SUBJECT ADDED ENTRY--TOPICAL TERM
Topical term or geographic name entry element Psychology.
906 ## - LOCAL DATA ELEMENT F, LDF (RLIN)
a 7
b cbc
c orignew
d 1
e ocip
f 19
g y-gencatlg
942 ## - ADDED ENTRY ELEMENTS (KOHA)
Source of classification or shelving scheme Library of Congress Classification
Koha item type Books
Holdings
Withdrawn status Lost status Source of classification or shelving scheme Damaged status Not for loan Home library Current library Date acquired Total checkouts Full call number Barcode Date last seen Price effective from Koha item type Shelving location Source of acquisition
    Library of Congress Classification     Murang'a University of Technology Library Murang'a University of Technology Library 19/01/2017   BF121 .Z54 1988 004488 30/08/2024 19/01/2017 Books    
    Library of Congress Classification     Murang'a University of Technology Library Murang'a University of Technology Library 26/05/2017   BF121 .Z54 1988 010474 30/08/2024 26/05/2017 Books    
    Library of Congress Classification     Murang'a University of Technology Library Murang'a University of Technology Library 02/10/2017   BF121 .Z54 1988 015382 30/08/2024 02/10/2017 Books General stacks Donation-TFC
    Library of Congress Classification     Murang'a University of Technology Library Murang'a University of Technology Library 21/11/2018   BF 121 .Z54 1988 024144 21/11/2018 21/11/2018 Books General stacks Donation -TFC